000 00932cab a2200241 4500
001 ABS57779
008 090401t1997 xxu||||| |||| 00| 0 eng d
035 _a(Sirsi) u81700
041 _aeng
245 _aDukeminster (Ebbgate House One) Ltd v Somerfield Properties Co Ltd
260 _c1997
350 _a0
490 _aEstates Gazette Law Reports
_v[1997] 40 EG 157-159(3)
520 _aCA 29 July 1997. A retail distribution warehouse. At rent review, landlord elected to have rent determined by reference to the notional premises. Landlord contended that also entitled to select the location of the warehouse within defined radius. Tenant appealed. Appeal allowed.
650 _aNOTIONAL PREMISES
650 _aRENT REVIEW CLAUSES
650 _aRENTAL VALUE
650 _aRETAIL DISTRIBUTION
650 _aWAREHOUSES
690 _aLANDLORD AND TENANT-CASE LAW-RENT REVIEWS
942 _n0
948 _c28/10/1997
999 _c51503
_d51503